| 000 | 01040nam a22002777a 4500 | ||
|---|---|---|---|
| 003 | dpl | ||
| 005 | 20180702144637.0 | ||
| 008 | 180702b xxu||||| |||| 00| 0 eng d | ||
| 010 | _aB-243255, B-180564 | ||
| 020 |
_c100.00 _a812631222 |
||
| 035 | _aB-243255 | ||
| 037 | _bCen Lib/Ret | ||
| 040 |
_aDPL _bHN _c0 |
||
| 082 |
_aक _bसंजीव |
||
| 100 |
_aसंजीव _96954 |
||
| 245 |
_aगुफा का आदमी / _cसंजीव |
||
| 246 |
_aGufa ka aadmi _bby Sanjeev |
||
| 260 |
_aनई दिल्ली _bभारतीय ज्ञानपीठ _c2006 |
||
| 270 |
_a18,इंडस्ट्रियल एरिया लोधी रोड _bनई दिल्ली _e110003 |
||
| 300 |
_a120पृष्ठ. _c20सेमी(सजिल्द) |
||
| 650 |
_aहिंदी साहित्य _965893 |
||
| 650 |
_aहिंदी कहानी _965894 |
||
| 650 |
_aHindi literature _965895 |
||
| 650 |
_aHindi Story _943117 |
||
| 942 |
_2ddc _cHN _hक _mसंजीव |
||
| 999 |
_c116316 _d116316 |
||